00603nam a2200193Ia 4500008004100000020001400041082001400055100004400069245003000113250000800143260003700151300002600188500001900214600003300233650001500266942000700281952010600288999001500394240925s9999 xx 000 0 und d a205153887 a158.3 PET aPeterson ,J Vincent; Nisenholz, Bernard 0aOrientation to Counseling a3rd aBoston:bAllyn and Baconc,1995. ax,662p.bNAfOriginal aIncludes Index aHumanities & Natural Science aPsychology cBK 001040708HUMaUITUbUITUd2000-08-16eNAl0o158.3 PETpQ2693r2024-09-25 07:12:53w2024-09-25yBK c5192d5192